000 006840000a22001810004500
003 MACL
005 20160501145048.0
008 160501b xxu||||| |||| 00| 0 eng d
040 _aMACL
_cMACL
041 _aHindi
082 _a800
100 _aब्रहम्‍चारिया, सविता
_954806
245 _aमहाकवि निराला के काव्‍य पर बंगीय प्रभाव
_cसविता ब्रहम्‍चारिया
260 _bमीनाक्षी प्रकाशन
_c2009
_aनई दिल्‍ली
350 _a100
650 _aरचनावली
_9163
942 _cHIN
_k800/BRA
_2ddc
999 _c45139
_d45139